02204cam a22002895a 45000010009000000050017000090080041000260200015000670200018000820400087001000820020001871000040002072450082002472600050003293000034003795000024004135201125004376500035015626500038015976500030016356500048016656510010017136530024017239420008017479990017017559520142017721893622720201128023857.0160114t2015 enka fr 001 0 eng d a0128001569 a9780128001561 aYDXCPbengcYDXCPdOCLCQdBTCTAdOCLCOdIBKdOPUdOCLCFdOCLCOdEQOdDLCdEG-ScBUE04a368.01222bGAR1 aGarrett, S. J.q(Stephen J.)93894310aIntroduction to actuarial and financial mathematical methods /cS. J. Garret. aLondon :bElsevier / Academic Press,cc.2015. axii, 609 p. :bill. ;c24 cm. aIndex : p. 601-609. aThis self-contained module for independent study covers the subjects most often needed by non-mathematics graduates, such as fundamental calculus, linear algebra, probability, and basic numerical methods. The easily-understandable text of "Introduction to Actuarial and Mathematical Methods" features examples, motivations, and lots of practice from a large number of end-of-chapter questions. Questions range from short calculations to large project-based assignments, all designed to promote independent thinking and the application of mathematical ideas. Model solutions are included. The intuitive organization of "Introduction to Actuarial and Mathematical Methods" maximizes its usefulness as a means of self-study and as a reference source. Financial concepts and terminology introduce every mathematical concept and theory. For readers with diverse backgrounds entering programs of the Institute and Faculty of Actuaries, the Society of Actuaries, and the CFA Institute, "Introduction to Actuarial and Mathematical Methods" can provide a consistency of mathematical knowledge from the outset. -- From book cover. 0aInsurancexMathematics.2BUEsh 7aBusiness mathematics.2BUEsh9801 0aActuarial science.2BUEsh 7aFinancexMathematical models.2BUEsh922542 2BUEsh bBUSADMcOctober2016 2ddc c22604d22576 00102ddc40708AcademicaMAINbMAINc1STd2016-10-16ePurchaseg765.00h9154l0o368.01 GARp000034126r2026-03-30 00:00:00v956.00yBB